000 00631nam a2200253Ia 4500
005 20260123164111.0
008 008 260114s9999 xx 000 0 eng d
020 _a9789354438004
037 _aEBOOK
040 _aCRL
040 _beng
040 _cCRL
041 _2eng
041 _aeng
084 _qCRL
100 _aSUDHAKAR, G. P.
_91105908
245 0 _aSoftware Development Teams : Performance, Productivity And Innovation
260 _bPHI
260 _c2015
856 _uhttps://elibrary.phindia.com/ebooks/reader/9789354438004du
942 _cEBOOK
999 _c1671031
_d1671031